000 00482nam a2200145Ia 4500
008 231129s2014||||xx |||||||||||||| ||spa||
020 _a978-958-58857-0-7
040 _bspa
082 _a780.9861 C229n
100 _aCantandina. Corporación de Cantautores de Música Andina Colombiana
245 0 _aNuevo cancionero de la música andina colombiana
260 _c2014
264 _aManizales Colombia : Ministerio de Cultura
942 _2ddc
_cBKS
999 _c21897
_d21897